|
|
|
|
| LEADER |
00000nam a2200000 a 4500 |
| 001 |
vtls001139770 |
| 003 |
SK-MaSNL |
| 005 |
20260301063047.0 |
| 008 |
250414s1965 xr a b f 00000 cze |
| 035 |
|
|
|a SNK000082623
|
| 040 |
|
|
|a SNK
|b slo
|c SNK
|e AACR2
|
| 041 |
0 |
|
|a cze
|
| 044 |
|
|
|a xr
|c CZ
|
| 072 |
|
7 |
|a 629
|x Dopravné prostriedky
|2 konspekt
|
| 080 |
|
|
|a 629.5:689
|2 2011
|
| 080 |
|
|
|a (035)
|2 2011
|
| 245 |
0 |
0 |
|a ABC lodního modelářství
|c zprac. kol. autorů pod vedením Jiřího Baitlera
|
| 250 |
|
|
|a 1. vyd.
|
| 260 |
|
|
|a Praha
|b Naše vojsko
|c 1965
|
| 300 |
|
|
|a 191, [3] s.
|b il.
|c 8°
|
| 490 |
1 |
|
|a Knižnice modelářů
|v Sv. 2.
|
| 500 |
|
|
|a S obr., fot. a tb. v texte
|
| 500 |
|
|
|a Spoluvyd. Svazarm
|
| 650 |
0 |
7 |
|a lodné modelárstvo
|2 SNKPH
|9 81788
|
| 650 |
0 |
7 |
|a Shipmodelling
|2 SNKPHeng
|9 378207
|
| 655 |
|
7 |
|a príručky
|2 SNKPH
|9 74364
|
| 655 |
|
7 |
|a Handbooks, manuals, etc.
|2 SNKPHeng
|9 90964
|
| 700 |
1 |
|
|a Baitler, Jiří
|4 edt
|9 378208
|
| 700 |
1 |
|
|a Houska, Miroslav
|4 nob
|9 291424
|
| 830 |
|
0 |
|a Knižnice modelářů
|9 378209
|
| 852 |
|
|
|a Slovenská národná knižnica
|
| 954 |
|
|
|a modelárstvo lodné
|a lode
|
| 958 |
|
|
|a OND
|
| 999 |
|
|
|c 622813
|d 624743
|
| 952 |
|
|
|t P60, <04>, [BOOK], {604}
|a SNK
|b SNK
|y NEVYP
|7 0
|p 17A0079870
|o snkID 39062 D1
|0 0
|1 1
|4 0
|d 1997-07-09
|l 0
|r 2005-01-01 00:00:00
|w 2026-02-23
|
| 952 |
|
|
|t P60, <04>, [BOOK], {604}
|a SNK
|b SNK
|y VYP
|7 0
|p 17A0164747
|o snkID 39062
|0 0
|1 0
|4 0
|d 1998-10-09
|l 0
|r 2005-01-01 00:00:00
|w 2026-02-23
|